[Event "POL-ch blitz"]
[Site "Suwalki"]
[Date "2022.09.24"]
[Round "1"]
[White "Nasuta, Grzegorz"]
[Black "Czarniecki, Pawel"]
[Result "1-0"]
[WhiteElo "2531"]
[BlackElo "1524"]
[PlyCount "105"]
[EventDate "2022.09.24"]
[EventType "swiss (blitz)"]
[EventRounds "15"]
[EventCountry "POL"]
[SourceTitle "CBM 210 Extra"]
[Source "ChessBase"]
[SourceDate "2022.11.30"]
[SourceVersion "1"]
[SourceVersionDate "2022.11.30"]
[SourceQuality "1"]

1. e4 e5 2. Nf3 Nc6 3. Bc4 Nf6 4. d3 Bc5 5. 0-0 0-0 6. h3 d6 7. c3 Be6 8. Bb5 h6 9. d4 exd4 10. cxd4 Bb6 11. d5 Bd7 12. dxc6 bxc6 13. Bd3 Qe7 14. Nc3 Rfe8 15. Re1 Be6 16. Be3 Bxe3 17. Rxe3 Rab8 18. b3 Nd7 19. Qc2 Ne5 20. Nxe5 dxe5 21. Na4 Qd6 22. Bc4 Bxc4 23. Qxc4 Red8 24. Rc1 Qd2 25. Re2 Qf4 26. Qxc6 Rd6 27. Qc3 Rbd8 28. Qe3 Rd1+ 29. Re1 Rxe1+ 30. Rxe1 Qf6 31. Nc3 c6 32. Qe2 Rd4 33. Rd1 Qd6 34. Rxd4 Qxd4 35. Qe3 Qd7 36. h4 Kh7 37. g3 g6 38. Kg2 h5 39. Ne2 Kg7 40. Ng1 a5 41. Qc5 Qc7 42. Nf3 f6 43. Nd2 Kf7 44. Nc4 a4 45. bxa4 Ke6 46. a5 Qb7 47. Qb6 Qd7 48. a6 f5 49. a7 Qc8 50. Qb8 Qa6 51. a8Q Qxc4 52. Qg8+ Kf6 53. Qad8# 1-0

[Event "POL-chT U20"]
[Site "Szczyrk"]
[Date "2017.07.23"]
[Round "2.10"]
[White "Czarniecki, Pawel"]
[Black "Golecki, Jan"]
[Result "0-1"]
[WhiteElo "1267"]
[BlackElo "1953"]
[PlyCount "66"]
[EventDate "2017.07.22"]
[EventType "team-tourn"]
[EventRounds "9"]
[EventCountry "POL"]
[SourceTitle "EXT 2019"]
[Source "ChessBase"]
[SourceDate "2018.10.10"]
[SourceVersion "1"]
[SourceVersionDate "2018.10.10"]
[SourceQuality "1"]

1. d4 d5 2. e3 Nf6 3. Bd3 e6 4. Nd2 Be7 5. Ngf3 0-0 6. Qe2 b6 7. 0-0 Bb7 8. e4 dxe4 9. Nxe4 Nbd7 10. Bf4 c5 11. c3 cxd4 12. cxd4 Nd5 13. Bg3 N7f6 14. a3 Nh5 15. Qd2 h6 16. Rac1 f5 17. Nc3 Nxc3 18. bxc3 Bxf3 19. gxf3 f4 20. Bg6 fxg3 21. Bxh5 gxh2+ 22. Kxh2 Bd6+ 23. Kg2 Bf4 24. Qe2 Bxc1 25. Qxe6+ Kh8 26. Rxc1 Qg5+ 27. Bg4 Qxc1 28. c4 Rae8 29. Qc6 Re1 30. Bh3 Rg1+ 31. Kh2 Rh1+ 32. Kg3 Qg1+ 33. Kh4 Qg5# 0-1